Average Contact Temperature and Surface Layer Structure in Steel Friction Couple under High Density Electric Current at Different Сontact Pressures; AIP Conference Proceedings; Vol. 2051 : Advanced Materials with Hierarchical Structure for New Technologies and Reliable Structures 2018 (AMHS’18)

Մատենագիտական մանրամասներ
Parent link:AIP Conference Proceedings
Vol. 2051 : Advanced Materials with Hierarchical Structure for New Technologies and Reliable Structures 2018 (AMHS’18).— 2018.— [020005, 4 p.]
Հիմնական հեղինակ: Aleutdinova M. I.
Համատեղ հեղինակ: Национальный исследовательский Томский политехнический университет (ТПУ)
Այլ հեղինակներ: Fadin V. V., Aleutdinov A. D. Alexander Dmitrievich
Ամփոփում:Title screen
It was shown that the increase in sliding contact pressure on AISI steel 1020/AISI steel 1045 couple under unlubricated sliding led to improved wear resistance and electrical conductivity. It was found that the temperature under the worn surface of the sample changed according to a quasilinear law. The average contact temperature did not exceed 250°С and decreased with the increasing contact pressure within the current density range of 150-700 A/cm{2} . Optical images of both transfer layer on the counterbody and tribolayer on the sample were presented. The tribolayer consisted mainly of FeO, [alpha]-Fe (BCC-Fe) and [gamma]-Fe (FCC-Fe). The increase in pressure resulted in the [gamma]-Fe content grow in the tribolayer.
Режим доступа: по договору с организацией-держателем ресурса
Լեզու:անգլերեն
Հրապարակվել է: 2018
Խորագրեր:
Առցանց հասանելիություն:https://doi.org/10.1063/1.5083248
Ձևաչափ: Էլեկտրոնային Գրքի գլուխ
KOHA link:https://koha.lib.tpu.ru/cgi-bin/koha/opac-detail.pl?biblionumber=658250

MARC

LEADER 00000nla2a2200000 4500
001 658250
005 20231101135020.0
035 |a (RuTPU)RU\TPU\network\25713 
090 |a 658250 
100 |a 20180823a2018 k y0engy50 ba 
101 0 |a eng 
105 |a y z 100zy 
135 |a drgn ---uucaa 
181 0 |a i  
182 0 |a b 
200 1 |a Average Contact Temperature and Surface Layer Structure in Steel Friction Couple under High Density Electric Current at Different Сontact Pressures  |f M. I. Aleutdinova, V. V. Fadin, A. D. Aleutdinov 
203 |a Text  |c electronic 
300 |a Title screen 
320 |a [References: 7 tit.] 
330 |a It was shown that the increase in sliding contact pressure on AISI steel 1020/AISI steel 1045 couple under unlubricated sliding led to improved wear resistance and electrical conductivity. It was found that the temperature under the worn surface of the sample changed according to a quasilinear law. The average contact temperature did not exceed 250°С and decreased with the increasing contact pressure within the current density range of 150-700 A/cm{2} . Optical images of both transfer layer on the counterbody and tribolayer on the sample were presented. The tribolayer consisted mainly of FeO, [alpha]-Fe (BCC-Fe) and [gamma]-Fe (FCC-Fe). The increase in pressure resulted in the [gamma]-Fe content grow in the tribolayer. 
333 |a Режим доступа: по договору с организацией-держателем ресурса 
461 0 |0 (RuTPU)RU\TPU\network\4816  |t AIP Conference Proceedings 
463 0 |0 (RuTPU)RU\TPU\network\27575  |t Vol. 2051 : Advanced Materials with Hierarchical Structure for New Technologies and Reliable Structures 2018 (AMHS’18)  |o Proceedings of the International conference, 1–5 October 2018, Tomsk, Russia  |f National Research Tomsk Polytechnic University (TPU); eds. V. E. Panin, S. G. Psakhie, V. M. Fomin  |v [020005, 4 p.]  |d 2018 
610 1 |a электронный ресурс 
610 1 |a труды учёных ТПУ 
610 1 |a температура 
610 1 |a поверхностные слои 
610 1 |a трение 
610 1 |a электрический ток 
610 1 |a давление 
610 1 |a скольжение 
610 1 |a износостойкость 
610 1 |a электропроводность 
700 1 |a Aleutdinova  |b M. I. 
701 1 |a Fadin  |b V. V. 
701 1 |a Aleutdinov  |b A. D.  |c Chemical Engineer  |c Laboratory assistant researcher of Tomsk Polytechnic University  |f 1958-  |g Alexander Dmitrievich  |2 stltpush  |3 (RuTPU)RU\TPU\pers\34847 
712 0 2 |a Национальный исследовательский Томский политехнический университет (ТПУ)  |c (2009- )  |2 stltpush  |3 (RuTPU)RU\TPU\col\15902 
801 2 |a RU  |b 63413507  |c 20190122  |g RCR 
856 4 |u https://doi.org/10.1063/1.5083248 
942 |c CF